00872 a2200229 45000010006000000050017000060080041000230030015000640400040000790800127001192450059002460200022003052640129003273000019004560410008004751000029004837000029005127000027005417000022005687000021005907000031006115777020260407155837.0260407a2007 arg spa dAR-UNSa-BCEJYS aAR-UNSa-BCEJYSbspacAR-UNSa-BCEJYS a364.2xProblemas específicos que influyen en el bienestar social. diversos problemas requieren distintas formas de ayuda10aLa atención a las personas dependientes en Argentina a978-987-23497-8-3 1aCórdoba :bAsociación Cooperadora de la Facultad de Ciencias Económicas de la Universidad Nacional de Córdoba.c2007 a168 p.c26 cm. aspa1 aAlbarrán Lozano, Irene1 aGonzález, Pablo Alonso1 aGiuliodori, Roberto F.1 aVega, Ana Karl de1 aAndonián, Olga1 aGiuliodori, María Andrea